00343nam a22001457a 450000500170000000800410001702000180005804100080007608200100008410000280009424500370012226000180015930000090017765000110018620160625170842.0160625b xxu||||| |||| 00| 0 eng d a81-921404-0-7 aeng b10254 aChaltopadya, Tapan Kera aAadhunik Bangla Safitayaz Itihas bPragaya Vikas a1390 aBangla